LEADER 01327nam--2200433---450- 001 990001059110203316 005 20060621110915.0 010 $a88-8215-350-9 035 $a0105911 035 $aUSA010105911 035 $a(ALEPH)000105911USA01 035 $a0105911 100 $a20020326h----2001km-y0itay0103----ba 101 0 $aita 102 $aIT 105 $aa|||z|||001yy 200 1 $a<> spazio storico di Siena$fMario Ascheri 210 $a[Milano]$cSilvana$h2001 215 $a295 p.$cill.$d29 cm 225 2 $aItinerari di una civiltà$v2 410 0$12001$aItinerari di una civiltà$v2 607 $aSiena$xStoria$xDocumenti fotografici 607 $aSiena$xArte 676 $a945.581 700 1$aASCHERI,$bMario$0127201 801 0$aIT$bsalbc$gISBD 912 $a990001059110203316 951 $aXII.2.A. 430(III A COLL 227/2)$b161668 L.M.$cII A COLL$d00080467 959 $aBK 969 $auma 979 $aCHIARA$b90$c20020326$lUSA01$h1058 979 $aCHIARA$b90$c20020326$lUSA01$h1101 979 $aCHIARA$b90$c20020326$lUSA01$h1102 979 $c20020403$lUSA01$h1745 979 $aPATRY$b90$c20040406$lUSA01$h1713 979 $aCOPAT5$b90$c20060621$lUSA01$h1109 979 $aPASSARO$b90$c20111110$lUSA01$h1223 996 $aSpazio storico di Siena$9976138 997 $aUNISA LEADER 01763nam0 22004813i 450 001 VAN0278629 005 20240626100459.447 017 70$2N$a9783031466182 100 $a20240626d2023 |0itac50 ba 101 $aeng 102 $aCH 105 $a|||| ||||| 200 1 $aPartial differential equations$fEmmanuele DiBenedetto, Ugo Gianazza 205 $a3. ed 210 $aCham$cBirkhäuser$cSpringer$d2023 215 $axxx, 748 p.$cill.$d24 cm 410 1$1001VAN0059063$12001 $aCornerstones$1210 $aBoston$cBirkhäuser 500 1$3VAN0252826$aPartial differential equations$94168256 610 $aBoundary Value Problems$9KW:K 610 $aDeGiorgi classes$9KW:K 610 $aGreen's theorem$9KW:K 610 $aHeat equations$9KW:K 610 $aIntegral equations$9KW:K 610 $aLaplace equationS$9KW:K 610 $aLinear elliptic equations$9KW:K 610 $aLinear parabolic equations$9KW:K 610 $aNavier-Stokes equations$9KW:K 610 $aNonlinear equations$9KW:K 610 $aParabolic DeGiorgi classes$9KW:K 610 $aPartial differential equations$9KW:K 610 $aQuasi-Linear Equations$9KW:K 610 $aWave equations$9KW:K 620 $aCH$dCham$3VANL001889 700 1$aDiBenedetto$bEmmanuele$3VANV036743$041034 701 1$aGianazza$bUgo$3VANV073983$01741891 712 $aBirkhäuser $3VANV108193$4650 712 $aSpringer $3VANV108073$4650 801 $aIT$bSOL$c20240628$gRICA 856 4 $uhttps://doi.org/10.1007/978-3-031-46618-2$zE-book ? Accesso al full-text attraverso riconoscimento IP di Ateneo, proxy e/o Shibboleth 912 $fN 912 $aVAN0278629 996 $aPartial differential equations$94168256 997 $aUNICAMPANIA